| 000 | 01148nam a22002895a 4500 | ||
|---|---|---|---|
| 005 | 20150823140239.0 | ||
| 008 | 110630t2003 us ||||r|||| 001 0 eng d | ||
| 010 | _a 2006938197 | ||
| 020 | _a0735623406 | ||
| 020 | _a9780735623408 | ||
| 035 | _a(OCoLC)ocm99335798 | ||
| 040 |
_aEG-ScBUE _beng _cEG-ScBUE |
||
| 082 | 0 | 4 |
_a005.2768076 _bMCP _222 |
| 245 | 0 | 0 |
_aMCPD self-paced training kit : _bdesigning and developing web-based applications using the Microsoft .NET framework / _cMike Snell ... [et al.] |
| 260 |
_aRedmond : _bMicrosoft Press, _cc.2003. |
||
| 300 |
_axxxii, 673 p. : _bill. ; _c24 cm. + _e1 CD-ROM (4 3/4 in.)+ 1 DVD-ROM (4 3/4 in.) |
||
| 500 | _aIndex : p. 645-673. | ||
| 500 | _aGlossary : p. 639-644. | ||
| 590 | _adoha | ||
| 650 | 0 |
_aElectronic data processing personnel _xCertification. _926003 _2BUEsh |
|
| 650 | 0 |
_aApplication software _xDevelopment _xExaminations _vStudy guides. _926004 _2BUEsh |
|
| 650 | 0 |
_aMicrosoft .NET Framework _xExaminations _vStudy guides. _926005 _2BUEsh |
|
| 651 | _2BUEsh | ||
| 653 |
_bCOMSCI _cAugust2015 |
||
| 700 | 1 |
_aSnell, Mike. _926002 |
|
| 942 |
_cBB _k005.2768076 MCP _2ddc |
||
| 999 |
_c8764 _d8764 |
||